000 01390cam a22003857a 4500
003 CHAP
005 20220329142317.0
008 000607d1999 mx r 00110 spa d
010 _a81452
011 _a82424
035 _a92919
040 _cCHAP
090 _aTesis
100 0 0 _aLázaro Córdova, José Isabel.
_967372
245 1 0 _aMicorrización de plántulas de banano (Musa AAA, subgrupo Cavendish) con Glomus sp Zac. 19 en invernadero
_c/por José Isabel Lázaro Córdova
260 _aChapingo, Méx. :
_bEl autor,
_c1999.
300 _a52 h. ;
_bgráfs.
502 _aTesis (Ing. Agr. Esp. en Zonas Tropicales) -- UACH. Centro Regional Universitario del Sureste
590 _aALEPH
_b10
_c20130110
_lUCH01
_h1436
590 _aBATCH-UPD
_b10
_c20130110
_lUCH01
_h0057
590 _aBATCH-UPD
_b10
_c20130110
_lUCH01
_h0635
590 _aBATCH-UPD
_b10
_c20130409
_lUCH01
_h2045
590 _aBATCH-UPD
_b10
_c20130914
_lUCH01
_h1129
590 _aCONVERSION
_b10
_c20130109
_lUCH01
_h1345
650 1 4 _aCultivos en invernadero.
_930376
650 1 4 _aGlomus.
_948310
650 1 4 _aMicorriza.
_975486
650 1 4 _aPlantas
_xInoculación.
_988843
650 1 4 _aPlátano
_xPlántulas.
_989259
901 _aBK
905 _aAlejandra Carrasco M.
942 _cFOLL
949 _bBC
_cTES
_d33724000783643
_eTS2
_fc.2
_h36464
_i92919
_si
949 _bBC
_cTES
_d929191
_eTS1
_h36463
_i92919
_sb
999 _c81452
_d81452